[Event "Medellin de La Raza U2000 op"]
[Site "Medellin"]
[Date "2023.10.13"]
[Round "3"]
[White "Luna Monsalve, Sofia"]
[Black "Aceituno Ramirez, Stebe Josue"]
[Result "1-0"]
[WhiteElo "1582"]
[BlackElo "1329"]
[PlyCount "39"]
[EventDate "2023.10.12"]
[EventType "swiss"]
[EventRounds "9"]
[EventCountry "COL"]
[SourceTitle "Mega2024 Update 01"]
[Source "Chessbase"]
[SourceDate "2023.11.12"]
[SourceVersion "1"]
[SourceVersionDate "2023.11.12"]
[SourceQuality "1"]

1. d4 Nf6 2. c4 g6 3. Nc3 Bg7 4. e4 d6 5. f3 Nbd7 6. Be3 0-0 7. Qd2 e5 8. d5 Re8 9. Nh3 Nh5 10. g4 Nhf6 11. Nf2 Nc5 12. h4 h5 13. Bg5 Bd7 14. Rg1 Qc8 15. Bxf6 Bxf6 16. gxh5 Bxh4 17. hxg6 f6 18. Qh6 Bg5 19. Qh7+ Kf8 20. Qf7# 1-0

[Event "COL-ch (Women)"]
[Site "Cartagena"]
[Date "2023.06.12"]
[Round "9"]
[White "Luna Monsalve, Sofia"]
[Black "Morales Perez, Ghisell"]
[Result "0-1"]
[WhiteElo "1441"]
[BlackElo "1495"]
[PlyCount "74"]
[EventDate "2023.06.08"]
[EventType "swiss"]
[EventRounds "9"]
[EventCountry "COL"]
[SourceTitle "CBM 215 Extra"]
[Source "ChessBase"]
[SourceDate "2023.09.30"]
[SourceVersion "1"]
[SourceVersionDate "2023.09.30"]
[SourceQuality "1"]

1. d4 Nf6 2. c4 g6 3. Nc3 Bg7 4. e4 d6 5. f3 0-0 6. Bg5 c5 7. d5 Nbd7 8. Qd2 a6 9. a4 b6 10. Nh3 Qc7 11. Nf2 Re8 12. Be2 Nf8 13. 0-0 Bd7 14. Rae1 e6 15. f4 exd5 16. Bxf6 Bxf6 17. Nxd5 Qd8 18. Nxf6+ Qxf6 19. Bf3 Rad8 20. Ra1 h5 21. Nd1 Bc6 22. Nc3 Ne6 23. g3 Nd4 24. Rae1 Kg7 25. Bg2 Nb3 26. Qc2 Qd4+ 27. Rf2 Qxc4 28. Bf1 Qb4 29. Na2 Qxe1 30. Qxb3 Qxe4 31. Bg2 Qxa4 32. Qxa4 Bxa4 33. Nc3 Re1+ 34. Rf1 Rxf1+ 35. Bxf1 b5 36. Nxa4 bxa4 37. Bxa6 Rb8 0-1

[Event "Sabaneta op-B 1st"]
[Site "Sabaneta"]
[Date "2022.11.28"]
[Round "5"]
[White "Luna Monsalve, Sofia"]
[Black "Cardozo, Stid Jafhar"]
[Result "0-1"]
[WhiteElo "1431"]
[BlackElo "1942"]
[PlyCount "54"]
[EventDate "2022.11.25"]
[EventType "swiss"]
[EventRounds "8"]
[EventCountry "COL"]
[SourceTitle "CBM 211 Extra"]
[Source "ChessBase"]
[SourceDate "2023.01.31"]
[SourceVersion "1"]
[SourceVersionDate "2023.01.31"]
[SourceQuality "1"]

1. d4 Nf6 2. c4 e6 3. Nc3 Bb4 4. Qc2 b6 5. e4 c5 6. d5 Qe7 7. dxe6 Qxe6 8. Bd3 Nc6 9. f3 Ba6 10. b3 d5 11. cxd5 Nxd5 12. Bb2 Bxc3+ 13. Bxc3 Ncb4 14. Qd2 Nxd3+ 15. Kd1 Nxc3+ 16. Qxc3 Nf2+ 17. Ke1 Nxh1 18. Qxg7 0-0-0 19. Ne2 Bxe2 20. Kxe2 Qd6 21. Qc3 Qxh2 22. Kf1 Rhg8 23. Qc2 Ng3+ 24. Kf2 Rd2+ 25. Qxd2 Nxe4+ 26. fxe4 Rxg2+ 27. Ke3 Qg3# 0-1

[Event "Medellin Feria de las Flores op"]
[Site "Medellin"]
[Date "2022.08.06"]
[Round "7"]
[White "Ardila, Oscar Humberto"]
[Black "Luna Monsalve, Sofia"]
[Result "1-0"]
[WhiteElo "2019"]
[BlackElo "1318"]
[PlyCount "36"]
[EventDate "2022.08.03"]
[EventType "swiss"]
[EventRounds "9"]
[EventCountry "COL"]
[SourceTitle "CBM 209 Extra"]
[Source "ChessBase"]
[SourceDate "2022.09.30"]
[SourceVersion "1"]
[SourceVersionDate "2022.09.30"]
[SourceQuality "1"]

1. d4 d5 2. c4 e6 3. Nc3 Nf6 4. Bg5 Be7 5. e3 b6 6. cxd5 exd5 7. Nf3 Be6 8. Qa4+ Nbd7 9. Ne5 0-0 10. Nc6 Qe8 11. Ba6 Nb8 12. Nxe7+ Qxe7 13. Bb7 Nbd7 14. Bxa8 Rxa8 15. 0-0 c5 16. Rac1 a6 17. Qc6 Ra7 18. dxc5 bxc5 1-0

[Event "COL-ch U18 Girls"]
[Site "Medellin"]
[Date "2022.06.03"]
[Round "5"]
[White "Carrillo Riano, Karen Sofia"]
[Black "Luna Monsalve, Sofia"]
[Result "1/2-1/2"]
[WhiteElo "1305"]
[BlackElo "1340"]
[PlyCount "34"]
[EventDate "2022.06.01"]
[EventType "swiss"]
[EventRounds "9"]
[EventCountry "COL"]
[SourceTitle "CBM 208 Extra"]
[Source "ChessBase"]
[SourceDate "2022.07.31"]
[SourceVersion "1"]
[SourceVersionDate "2022.07.31"]
[SourceQuality "1"]

1. e4 e5 2. Nf3 Nc6 3. Bc4 Bc5 4. c3 Nf6 5. d3 d6 6. 0-0 a6 7. b4 Ba7 8. Nbd2 0-0 9. a4 Bd7 10. Bb3 b5 11. h3 Ne7 12. Nh2 Ng6 13. Ndf3 Be6 14. Re1 d5 15. Ng5 Qd7 16. Nf1 h6 17. Nf3 Rad8 1/2-1/2

[Event "COL Subzt 2.3.4 (Women)"]
[Site "Risarald"]
[Date "2021.11.25"]
[Round "5"]
[White "Luna Monsalve, Sofia"]
[Black "Garcia Rojas, Ana Maria"]
[Result "1-0"]
[WhiteElo "1262"]
[BlackElo "1430"]
[PlyCount "49"]
[EventDate "2021.11.23"]
[EventType "swiss"]
[EventRounds "9"]
[EventCountry "COL"]
[SourceTitle "CBM 205 Extra"]
[Source "ChessBase"]
[SourceDate "2022.01.31"]
[SourceVersion "1"]
[SourceVersionDate "2022.01.31"]
[SourceQuality "1"]

1. d4 d5 2. c4 dxc4 3. e3 Be6 4. Nc3 Nf6 5. Nf3 Nc6 6. e4 Na5 7. d5 Bg4 8. Qa4+ Bd7 9. Qxa5 e6 10. Bxc4 exd5 11. Nxd5 Nxe4 12. Nxc7+ Ke7 13. Qe5+ Be6 14. Nxe6 f6 15. Qxe4 Qa5+ 16. Bd2 Qh5 17. Nxg7+ Kd7 18. Nxh5 Re8 19. Bb5+ Kc7 20. Bxe8 Bc5 21. Rc1 Rf8 22. Rxc5+ Kd6 23. Qd5+ Ke7 24. Rc7+ Kxe8 25. Qd7# 1-0

[Event "COL Subzt 2.3.4 (Women)"]
[Site "Risarald"]
[Date "2021.11.24"]
[Round "2"]
[White "Luna Monsalve, Sofia"]
[Black "Bernal Parra, Eliana Valentina"]
[Result "1-0"]
[WhiteElo "1262"]
[BlackElo "1493"]
[PlyCount "111"]
[EventDate "2021.11.23"]
[EventType "swiss"]
[EventRounds "9"]
[EventCountry "COL"]
[SourceTitle "CBM 205 Extra"]
[Source "ChessBase"]
[SourceDate "2022.01.31"]
[SourceVersion "1"]
[SourceVersionDate "2022.01.31"]
[SourceQuality "1"]

1. d4 Nf6 2. c4 d5 3. cxd5 Qxd5 4. Nc3 Qd8 5. e4 e6 6. Bc4 Be7 7. Nf3 b6 8. 0-0 Bb7 9. Re1 0-0 10. Bf4 c6 11. Rc1 Nbd7 12. h3 Rc8 13. a3 Nh5 14. Bh2 Nhf6 15. Bd3 c5 16. d5 exd5 17. exd5 Bxd5 18. Nxd5 Nxd5 19. Bxh7+ Kxh7 20. Qxd5 Nf6 21. Qb7 Bd6 22. Bxd6 Qxd6 23. Qxa7 Rc7 24. Qa4 Qd5 25. Qh4+ Qh5 26. Qg3 Rd7 27. Re5 Qh6 28. Rg5 Ne4 29. Qg4 Nxg5 30. Nxg5+ Kg8 31. Qxd7 Qxg5 32. Rd1 Qf6 33. Qb5 Rd8 34. Rxd8+ Qxd8 35. Qe2 Kf8 36. Kh2 Qe7 37. Qf3 Qe5+ 38. Qg3 Qxb2 39. Qd6+ Ke8 40. Qc6+ Ke7 41. Qc7+ Kf6 42. Qd6+ Kf5 43. Qd7+ Kf6 44. Qd6+ Kf5 45. Qd7+ Kg6 46. Qg4+ Kf6 47. Qf3+ Ke6 48. Qc6+ Ke5 49. Qe8+ Kf6 50. Qc6+ Kg5 51. Qd5+ Kg6 52. Qe4+ f5 53. Qe8+ Kf6 54. Qd8+ Ke5 55. Qe7+ Kf4 56. Qe3# 1-0

[Event "COL-ch Cat D U1800"]
[Site "Medellin"]
[Date "2021.06.13"]
[Round "6"]
[White "Valencia Quinchia, Isabella"]
[Black "Luna Monsalve, Sofia"]
[Result "1-0"]
[WhiteElo "1447"]
[BlackElo "1197"]
[PlyCount "65"]
[EventDate "2021.06.10"]
[EventType "swiss"]
[EventRounds "7"]
[EventCountry "COL"]
[SourceTitle "EXT 2022"]
[Source "ChessBase"]
[SourceDate "2021.10.06"]
[SourceVersion "1"]
[SourceVersionDate "2021.10.06"]
[SourceQuality "1"]

1. e4 e5 2. Nf3 Nc6 3. d4 exd4 4. Nxd4 Bc5 5. Be3 Qf6 6. c3 Nge7 7. Bc4 d6 8. 0-0 0-0 9. Nc2 Bxe3 10. Nxe3 Qg6 11. Nd2 Ne5 12. Be2 Bh3 13. Bh5 Qe6 14. gxh3 Qxh3 15. Bg4 Qh4 16. f4 Nd3 17. Nf3 Qf6 18. Qxd3 Qxf4 19. Nd4 Qg5 20. Kh1 Ng6 21. Rf5 Qe7 22. Nd5 Qd8 23. Raf1 Ne5 24. Qh3 h6 25. Rh5 Kh7 26. Bf5+ Ng6 27. Nf3 f6 28. Nf4 Kg8 29. Be6+ Kh7 30. Qf5 Qe8 31. Nxg6 Qxg6 32. Qxg6+ Kh8 33. Qxg7+ 1-0